00976nam a22002177a 450000500170000000700150001700800410003202000220007303500100009504000090010510000280011424500820014225600240022426000410024830000280028950602700031765000280058765000480061574000380066385600570070120240305165519.0cr|||| |||| 190410s2016 es |||||s|||| 00||0 spa d a978-84-946077-5-2 a23175 avLex1 aCoello Pulido, Ángela12aEl juego de la mediaciónh[Recurso electrónico] /cÁngela Coello Pulido aServicio en línea aBarcelona:bJ.M. Bosch Editor,c2016 a1 recurso electrónico1 aDisponible solo en los productos indicadosdvLex GlobaldvLex Global (Academic Edition, excluding Law Schools)dvLex Global (U.S. Academic Edition, Law Schools)dvLex Global (U.S. Academic Edition, excluding Law Schools)dvLex Global (Academic Edition, Law Schools)04aDerecho CivilzEspaña04aDerecho Mercantil y de la EmpresazEspaña0 avLex Libros (Servicio en línea)40uhttps://app.vlex.com/#/sources/juego-mediacion-23175